[Event "Nizhnij Novgorod Region-ch"]
[Site "Nizhnij Novgorod"]
[Date "2007.10.??"]
[Round "?"]
[White "Bugrov, Ivan"]
[Black "Sedova, Evgenia"]
[Result "1-0"]
[WhiteElo "1998"]
[BlackElo "1880"]
[PlyCount "52"]
[EventDate "2007.10.??"]
[EventType "swiss"]
[EventRounds "9"]
[EventCountry "RUS"]
[SourceTitle "EXT 2009"]
[Source "ChessBase"]
[SourceDate "2008.11.26"]
[SourceVersion "1"]
[SourceVersionDate "2008.11.26"]
[SourceQuality "1"]

1. d4 d5 2. Nf3 Nf6 3. c4 c6 4. Nc3 dxc4 5. a4 h6 6. Ne5 Bf5 7. f3 e6 8. e4 Bh7 9. Nxc4 Bb4 10. Be3 Bxe4 11. fxe4 Nxe4 12. Qd3 Qh4+ 13. Kd1 Nf2+ 14. Bxf2 Qxf2 15. Qd2 Qf6 16. Kc2 Nd7 17. Be2 0-0 18. Raf1 Qe7 19. g4 b5 20. axb5 cxb5 21. Ne5 Nxe5 22. dxe5 Qc5 23. Qd6 Qxd6 24. exd6 Bxd6 25. Bxb5 g5 26. Rd1 Bb4 1-0